000 00514nam a2200205Ia 4500
005 20250425160940.0
008 250425s9999 xx 000 0 und d
020 _a0131973681
041 _aeng
082 _a621.38041
100 _aHOUSLEY, TREVOR
245 0 _aDATA COMMUNICATIONS AND TELEPROCESING SYSTEMS
250 _aS.E.
260 _aENGLEWOOD
260 _aEstados Unidos
_bPRENTICE HALL
_c1979
300 _a252
650 _aSISTEMAS DE TRANSMISION DE DATOS
942 _c01
010 _a9082
999 _c199473
_d199473